01855nam a22002657a 4500008004100000020001800041040000800059041000800067050002300075100002600098245005300124260004700177300002400224490004100248520105900289650003901348650002101387650002301408650003001431650003801461650002501499650002301524655002001547655002201567251008b |||||||| |||| 00| 0 eng d a9780008722746 ctbs aeng aPZ7.M2695 WAT 2025 aMafi, Tahereheauthor aWatch me b: a shatter me novelc/ Tahereh Mafi. aLondon :bHarperCollins Publishers,c2025. a351 pages ;c22 cm. aShatter me series. vNew republic 1. aJames Anderson had a plan. Or half of one. All that matters is that he managed to do what his older brother, the famous Aaron Warner Anderson, never did: infiltrate Ark Island, the last refuge of The Reestablishment. In the past decade no outsider has breached the stronghold of the authoritarian regime, but James is in. In a prison cell, sure, but as far as James is concerned, a win is a win. It's been ten years since the fall of The Reestablishment. Ten years since the notorious duo--Juliette Ferrars and Aaron Warner Anderson--led a worldwide rebellion and established the New Republic of the West. But after a decade of unsettling quiet, The Reestablishment is ready to make a devastating move, and they have the perfect person for the job. Rosabelle Wolff had a plan. She always has a plan. On Ark Island, where constant surveillance is packaged as security, even emotions must be experienced with caution. A trained assassin, her every movement is monitored by synthetic intelligence--and when she's given an order to kill, she never hesitates. 0aGovernment, Resistance tovFiction 0aRevengevFiction 0aAssassinsvFiction 0aAuthoritarianismvFiction 0aMan-woman relationships vFiction 0aRevolutionsvFiction 0aDystopiasvFiction 0aScience fiction 0aDystopian fiction